Obsah ročníka 2001

Bibliographic Details
Format: Article
Language:Slovak
ISSN:1335-0234
Subjects:

MARC

LEADER 00000nab a2200000 a 4500
001 vtls000801579
003 SK-MaSNL
005 20260304120711.0
015 |a SNBRB2002/07-23787 
035 |a CLN000153234 
035 |a urn:nbn:sk:snk-abo6z 
035 |a (urnnbn)urn:nbn:sk:snk:ar-a056mv 
035 |a (uuid)f8d6a4be-917e-41dd-8867-b30f1cbe4548 
040 |a SNKBUCL  |b slo  |c SNKBUCL  |e AACR2 
041 0 |a slo 
044 |a xo  |c SK 
080 |a 61:05(437.6)  |2 1997 
080 |a 05(437.6):61  |2 1997 
245 0 0 |a Obsah ročníka 2001 
630 0 7 |a Slovenský lekár (časopis)  |y 2001  |x obsah  |2 snkbucl  |9 1424974 
655 7 |a články z novín a časopisov  |2 snkbucl  |9 267496 
773 0 |t Slovenský lekár  |g Roč. 12 (26), č. 1-2 (2002), s. 67-69  |x 1335-0234 
850 |a Slovenská národná knižnica 
852 |a Slovenská národná knižnica 
954 |a odborná, vedecká literatúra pôvodná (slovenská)  |2 lita 
958 |a article27 
958 |a SK 
958 |a MI 
958 |a OND 
958 |a EUIPO 
992 |a RBX 
999 |c 2881079  |d 2883009